000 00709nam a2200217 a 4500
001 BRL_864
005 20190320210929.0
008 211013s1934----gw-a######---#000-0#ger-#
041 _ager
044 _agw
050 4 _aNK3720.A4
_b.S43 1934
245 1 0 _aSechs Jahrtausende Töpferkunst
_bAusstellung der Staatlichen Museen zu Berlin und der Preubischen Akademie der Künste, Juni-Juli 1934
260 _a[Berlin]
_b[H.S. Hermann]
_c1934
300 _a132 p.
_bil., 32 láminas
_c20 cm.
500 _aAu964
650 1 4 _aCerámica
_vExposiciones
_zAlemania
_925170
710 2 _aStaatlichen Museen zu Berlin
_925171
710 2 _aPreußischen akademie der künste
_925172
902 _aGRL
942 _2lcc
_cB
999 _c9676
_d9676